International accounting and reporting (Record no. 77510)

MARC details
000 -LEADER
fixed length control field 00920nam a2200217 a 4500
008 - FIXED-LENGTH DATA ELEMENTS--GENERAL INFORMATION
fixed length control field 120416s1985 ||||||||||||||||| || u
020 ## - INTERNATIONAL STANDARD BOOK NUMBER
International Standard Book Number 0023345500
050 ## - LIBRARY OF CONGRESS CALL NUMBER
Classification number HF 5686.I56 Eva
100 ## - MAIN ENTRY--PERSONAL NAME
Personal name Taylor, Martin E
245 10 - TITLE STATEMENT
Title International accounting and reporting
260 ## - PUBLICATION, DISTRIBUTION, ETC.
Place of publication, distribution, etc. New York:
Name of publisher, distributor, etc. Macmillan
Date of publication, distribution, etc. 1985
300 ## - PHYSICAL DESCRIPTION
Extent xix, 412 pages : illustrations
350 ## -
-- 0.00
500 ## - GENERAL NOTE
General note Bibliography: p. 394-407.
650 ## - SUBJECT ADDED ENTRY--TOPICAL TERM
Topical term or geographic name entry element INTERNATIONAL BUSINESS ENTERPRISES--ACCOUNTING
650 #0 - SUBJECT ADDED ENTRY--TOPICAL TERM
Topical term or geographic name entry element ACCOUNTING--HANDBOOKS, MANUALS, ETC
700 ## - ADDED ENTRY--PERSONAL NAME
Personal name Evans, Thomas G
700 ## - ADDED ENTRY--PERSONAL NAME
Personal name Holzmann, Oscar
995 ## -
-- ANNEX COLLECTION (Main Library)
-- 0.00
-- 720794
-- CBU-MAIN LIBRARY (Kitwe)
-- 2
-- 25.00
-- HF 5686.I56 Eva
-- 2
-- AVAILABLE
-- 006922
-- Annex Low-Usage Collection
995 ## -
-- MAIN LIBRARY OPEN ACCESS
-- 0.00
-- 719203
-- CBU-MAIN LIBRARY (Kitwe)
-- 1
-- 25.00
-- HF 5686.I56 Eva
-- 1
-- AVAILABLE
-- 006921
-- Main Library Open Access Collection
999 ## -
-- 77510
-- 77510
Holdings
Withdrawn status Lost status Source of classification or shelving scheme Damaged status Not for loan Permanent Location Current Location Shelving location Date acquired Total Checkouts Full call number Barcode Date last seen Copy number Price effective from Koha item type
          CBU-MAIN LIBRARY, KITWE. CBU-MAIN LIBRARY, KITWE.   04/27/2023   HF 5686.I56 Eva 006922 04/27/2023 1 04/27/2023 MONOGRAPH
          CBU-MAIN LIBRARY, KITWE. CBU-MAIN LIBRARY, KITWE.   04/27/2023   HF 5686.I56 Eva 006921 04/27/2023 2 04/27/2023 MONOGRAPH